Online
Catalog

Las huellas de las antiguas civilizaciones : (Record no. 6330)

MARC details
000 -CABECERA
campo de control de longitud fija 00764cam a2200229 a 4500
001 - NÚMERO DE CONTROL
campo de control 000006539
005 - FECHA Y HORA DE LA ÚLTIMA TRANSACCIÓN
campo de control 20250429112051.0
008 - DATOS DE LONGITUD FIJA--INFORMACIÓN GENERAL
campo de control de longitud fija 830823s1963 sp ab 000 0 spa
035 ## - NÚMERO DE CONTROL DEL SISTEMA
Número de control de sistema (DLC) 66082799
040 ## - FUENTE DE LA CATALOGACIÓN
Centro catalogador/agencia de origen DO-SdBNP
Centro/agencia transcriptor CarP
Centro/agencia modificador DLC
-- BNPHU
082 ## - NÚMERO DE LA CLASIFICACIÓN DECIMAL DEWEY
Número de clasificación 930
Número de documento/Ítem G216h
049 ## - FONDOS LOCALES (OCLC)
Fondos de biblioteca BNGR
100 1# - ENTRADA PRINCIPAL--NOMBRE DE PERSONA
Nombre de persona García Cordero, Maximiliano.
9 (RLIN) 18156
245 14 - MENCIÓN DE TÍTULO
Título Las huellas de las antiguas civilizaciones :
Resto del título visión sintética de las culturas orientales /
Mención de responsabilidad, etc. Maximiliano García Cordero.
260 ## - PUBLICACIÓN, DISTRIBUCIÓN, ETC.
Lugar de publicación, distribución, etc. Salamanca, (España) :
Nombre del editor, distribuidor, etc. [San Esteban],
Fecha de publicación, distribución, etc. 1963.
300 ## - DESCRIPCIÓN FÍSICA
Extensión 312 p. :
Otras características físicas il., maps. ;
Dimensiones 21 cm.
490 1# - MENCIÓN DE SERIE
Mención de serie Agnus
650 #0 - PUNTO DE ACCESO ADICIONAL DE MATERIA--TÉRMINO DE MATERIA
Término de materia o nombre geográfico como elemento de entrada Civilización antigua
9 (RLIN) 18157
650 #0 - PUNTO DE ACCESO ADICIONAL DE MATERIA--TÉRMINO DE MATERIA
Término de materia o nombre geográfico como elemento de entrada Historia antigua
9 (RLIN) 18158
830 #0 - PUNTO DE ACCESO ADICIONAL DE SERIE-TÍTULO UNIFORME
Título uniforme Agnus.
9 (RLIN) 18159
910 ## - DATOS DE OPCIÓN DEL USUARIO (OCLC)
Datos de opción del usuario Catalogación por copia / LC
Holdings
Estado de retiro Estado de pérdida Restricciones de uso No para préstamo Código de colección Localización permanente Ubicación/localización actual Ubicación en estantería Fecha de adquisición Número de inventario Total de préstamos Signatura topográfica completa Código de barras Fecha visto por última vez Precio válido a partir de Tipo de ítem Koha
    Préstamo interno   Monografías: Libros y Folletos General General En catalogación 31.08.2009 LF1   930 G216h 6539-10 25.06.2020 25.06.2020 Préstamo interno

Powered by Koha